Film Rated 8.0 or Higher on IMDb - Sudden Death - Statistics

General Stats
  • This quiz has been taken 128 times
  • The average score is 6 of 20
Answers on the Grid
Answers color-coded by a green-red scale on the quiz's grid according to % correct below.
The Dark Knight
Before Sunrise
Avengers: Endgame
The Godfather: Part III
Lost in Translation
Monsters Inc.
The Grand Budapest Hotel
Twilight
The Power of the Dog
Skyfall
1917
Apocalypse Now
Top Gun
Ocean's Eleven
The Social Network
Sunset Boulevard
Psycho
The Lives of Others
Inception
The Good, the Bad, and the Ugly
The Truman Show
Fight Club
Brokeback Mountain
Happy Gilmore
The Room
Harry Potter and the Philosopher's Stone
Gandhi
Titanic
Avatar
The Great Gatsby
Forrest Gump
Pride & Prejudice
The Devil Wears Prada
Notting Hill
Batman & Robin
Alien
The Expendables
Rocky
The Shawshank Redemption
Parasite
 
Answer Stats
Answer % Correct
The Dark Knight
93%
Avengers: Endgame
45%
Fight Club
43%
The Good, the Bad, and the Ugly
42%
Inception
41%
The Shawshank Redemption
33%
Apocalypse Now
32%
Psycho
32%
Forrest Gump
30%
The Truman Show
29%
1917
28%
Parasite
28%
Before Sunrise
25%
The Grand Budapest Hotel
25%
Alien
22%
Sunset Boulevard
20%
Monsters Inc.
19%
The Lives of Others
19%
Rocky
17%
Gandhi
12%
No matching quizzes found
Score Distribution
Percent of People with Each Score
Percentile by Number Answered
Your Score History
You have not taken this quiz